Bramante / (Record no. 178472)

MARC details
000 -LEADER
campo de control de longitud fija 00988nam a22002895i 4500
001 - NÚMERO DE CONTROL
campo de control 178472
003 - IDENTIFICADOR DE NÚMERO DE CONTROL
campo de control ES-MaACL
005 - FECHA Y HORA DE LA ÚLTIMA TRANSACCIÓN
campo de control 20240229200241.0
008 - DATOS DE LONGITUD FIJA--INFORMACIÓN GENERAL
campo de control de longitud fija 110602s1943 it a |||| | ita d
080 ## - NÚMERO DE LA CLASIFICACIÓN DECIMAL UNIVERSAL
Número de la Clasificación Decimal Universal 72(450)
080 ## - NÚMERO DE LA CLASIFICACIÓN DECIMAL UNIVERSAL
Número de la Clasificación Decimal Universal 72 Bramante, Donato
100 1# - ENTRADA PRINCIPAL--NOMBRE DE PERSONA
Nombre de persona Baroni, Costantino.
9 (RLIN) 146855
245 10 - MENCIÓN DEL TÍTULO
Título Bramante /
Mención de responsabilidad, etc. Costantino Baroni.
260 ## - PUBLICACIÓN, DISTRIBUCIÓN, ETC.
Lugar de publicación, distribución, etc. Bergamo :
Nombre del editor, distribuidor, etc. Istituto Italiano d'Arti Grafiche,
Fecha de publicación, distribución, etc. stamp. 1943.
300 ## - DESCRIPCIÓN FÍSICA
Extensión 57, 134 p. de il. bl. y n. , [2] h. pleg. :
Otras características físicas 1 il. col. ;
Dimensiones 26 cm.
490 1# - MENCIÓN DE SERIE
Mención de serie I grandi artisti italiani ;
Designación de volumen o secuencia 12
500 ## - NOTA GENERAL
Nota general Con 134 tavole in rotocalco ed 1 tricromia.
500 ## - NOTA GENERAL
Nota general Índices.
504 ## - NOTA DE BIBLIOGRAFÍA, ETC.
Nota de bibliografía, etc. Bibliografía: p. 53-54.
546 ## - NOTA DE IDIOMA
Nota de lengua/lenguaje Texto en italiano.
600 14 - PUNTO DE ACCESO ADICIONAL DE MATERIA--NOMBRE DE PERSONA
Nombre de persona Bramante, Donato.
9 (RLIN) 146856
650 07 - PUNTO DE ACCESO ADICIONAL DE MATERIA--TÉRMINO DE MATERIA
Término de materia o nombre geográfico como elemento de entrada Arquitectura italiana
Fuente del encabezamiento o término
9 (RLIN) 146857
710 0# - ENTRADA AGREGADA--NOMBRE DE ENTIDAD CORPORATIVA
Nombre de entidad corporativa o nombre de jurisdicción como elemento de entrada Istituto Italiano d'Arti Grafiche.
9 (RLIN) 146842
830 0# - PUNTO DE ACCESO ADICIONAL DE SERIE-TÍTULO UNIFORME
Título uniforme I grandi artisti italiani ;
Designación de volumen o secuencia 12
9 (RLIN) 190981
852 ## - LOCALIZACIÓN
Ubicación ES-MaACL
Número de control de estantería E-15221
Encuadernación Olim P-941
Holdings
Estatus retirado Estado de pérdida Estado de daño No para préstamo Biblioteca de origen Biblioteca actual Ubicación en estantería Fecha de adquisición Fuente de adquisición Total de préstamos Signatura topográfica completa Código de barras Visto por última vez Precio de reemplazo Tipo de ítem Koha
        Biblioteca del Ateneo de Madrid Biblioteca del Ateneo de Madrid Depósito 2 02/06/2011     E-15221 1187474 23/02/2023 23/02/2023 Libro impreso